000 00484nam a2200181Ia 4500
005 20250326125349.0
008 250326s9999 xx 000 0 und d
037 _aTextbook
040 _aFMSL
_beng
_cFMSL
041 _aeng
_2eng
084 _aX8(J) K91
_qFMSL
100 _aDoshi R T
_9242627
245 0 _aMixed fertileser industry
_cDoshi R T
260 _aBombay
_bBombay, Popular
_c1969
300 _a178p
942 _cTB
_hX8(J) K91
999 _c1277707
_d1277707